01857nab a2200457 a 450000100060000000300080000600500170001400600190003100700150005000800410006502200140010603500210012004000260014105000210016708000150018808200140020310000240021722200260024124503320026724601140059926000730071330000150078631000140080136200280081553301640084354600510100765000120105865000160107065000110108665000250109765000150112265000220113765300180115965500320117770000320120970000340124171000190127574000270129485600610132199900170138285628FlNmELB20241217171416.0m o d | cr cn|||||||||200912r2006 mx |||||s|||||||||||spa d a0186-2979 a(OCoLC)955402844 aFlNmELBbspacFlNmELB 4aSF375bN316 2006 a636.32/.3804a636.32221 aNava-López, V. M. 0aUniversidad y ciencia10aMortalidad de los ovinos de pelo en tres épocas climáticas en un rebaño comercial en la Chontalpa, Tabasco, Méxicoh[recurso electronico] =bMortality of hair sheep during three climatic seasons in a commercial flock in the Chontalpa, Tabasco, Mexico /cV. M. Nava-López, J. Oliva-Hernández, J. A. Hinojosa-Cuellar.31aMortality of hair sheep during three climatic seasons in a commercial flock in the Chontalpa, Tabasco, Mexico a[Villahermosa] :bUniversidad Juárez Autónoma de Tabasco,c2006. a119-129 p. aSemestral0 aVol. 22, Num. 2 (2006)- aRecurso electrónico. Santa Fe, Arg.: e-libro, 2015. Disponible vía World Wide Web. El acceso puede estar limitado para las bibliotecas afiliadas a e-libro. aArtículo en español ; resumen en inglés. 4aGanado. 4aMortalidad. 4aClima. 4aHair sheepzAmerica. 4aMortality. 4aClimatic changes. aOveja de pelo 4aArtículos electrónicos.1 aOliva-Hernández, J,eaut.1 aHinojosa-Cuellar, J. A,eaut.2 ae-libro, Corp.02aUniversidad y ciencia.40uhttps://elibro.net/ereader/politecnicointernacional/8003 c85628d85628